Ley Federal contra la Delincuencia Organizada a la luz del derecho a la intimidad /

Guardat en:
Dades bibliogràfiques
Autor principal: Bernache Martínez, Flor Cristina (autor)
Format: Thesis Llibre
Idioma:espanyol
Matèries:
Etiquetes: Afegir etiqueta
Sense etiquetes, Sigues el primer a etiquetar aquest registre!

MARC

LEADER 00000nam^a2200000^a^4500
001 000185340
005 20250521000000.0
009 20260310102147.999
037 |a Acervo ITESO - Biblioteca 
041 |a ESP 
090 |a DER. 656 
100 |a Bernache Martínez, Flor Cristina  |e (autor) 
245 1 0 |a Ley Federal contra la Delincuencia Organizada a la luz del derecho a la intimidad /  |c F.C. Bernache Martínez. 
264 |a Guadalajara, México :  |b edición de autor,  |c 2005 
300 |a 1 disco compacto de computadora 
336 |a datos para computadora  |b cod  |2 rdacontenido 
337 |a computadora  |b c  |2 rdamedio 
338 |a disco de computadora  |b cd  |2 rdasoporte 
502 |a ITESO Tesis de Licenciatura en Derecho 
649 |a XX 
650 |a Delincuentes -  |z México -  |x Condiciones Jurídicas 
650 |a Crimen Organizado -  |z México 
650 |a Proceso Penal -  |z México 
650 |a Derecho Procesal Penal -  |z México 
650 |a Derecho a la Intimidad -  |z México 
650 |a Derechos Humanos -  |z México 
650 |a Derechos Civiles -  |z México 
650 |a Derecho Penal -  |z México 
650 |a Derecho Público -  |z México 
650 |a Derecho Privado -  |z México 
910 |a Fondo General 
920 |a Electrónicos - Tesis del ITESO en Disco 
905 |a 202 
901 |a 0500126967  |b IT2  |c STS  |u 20250521 
902 |a https://opac.biblio.iteso.mx/vufind/Record/000185340